Sports Quiz

Random Sports or World Quiz

World Series Cricket - Australian establishment Quiz Stats

Quiz not verified by Sporcle

Challenge
Share
Tweet
Embed
Score 0/31 Timer 20:00
0 Plays Today
Test career span and number of Tests Answer % Correct
1957/58 to 1977/78, 62 TestsBob Simpson
94.7%
1977 to 1984/85, 70 TestsKim Hughes
72.5%
1978/79 to 1993/94, 156 TestsAllan Border
72.5%
1972/73 to 1985, 51 TestsJeff Thomson
67.2%
1975/76 to 1984/85, 39 TestsGraham Yallop
65.6%
1978/79 to 1984/85, 38 TestsRodney Hogg
64.9%
1977/78 to 1988/89, 59 TestsGraeme Wood
61.8%
1977/78 to 1982/83, 33 TestsBruce Yardley
48.1%
1978/79 to 1985/86, 18 TestsAndrew Hilditch
48.1%
1977/78 to 1984/85, 30 TestsJohn Dyson
47.3%
1977/78 to 1984/85, 13 TestsSteve Rixon
43.5%
1973/74 to 1979/80, 21 TestsGeoff Dymock
43.5%
1977/78 to 1979/80, 14 TestsRick Darling
41.2%
1975/76 to 1978/79, 18 TestsGary Cosier
37.4%
1977/78 to 1979/80, 15 TestsPeter Toohey
35.1%
1977/78 to 1980/81, 22 TestsJim Higgs
34.4%
Test career span and number of Tests Answer % Correct
1978/79, 4 TestsJohn Maclean
31.3%
1973/74 to 1979/80, 12 TestsAlan Hurst
29.8%
1977 to 1977/78, 12 TestsCraig Serjeant
28.2%
1978/79 to 1989/90, 14 TestsPeter Sleep
27.5%
1977/78 to 1978/79, 5 TestsTrevor Laughlin
26%
1978/79 to 1979/80, 10 TestsKevin Wright
25.2%
1978/79 to 1979/80, 7 TestsDav Whatmore
25.2%
1977/78, 4 TestsTony Mann
22.1%
1977/78 to 1978/79, 10 TestsWayne Clark
18.3%
1977/78, 5 TestsAlan Ogilvie
17.6%
1978/79, 1 TestJeff Moss
16%
1978/79, 2 TestsPhil Carlson
12.2%
1977/78, 3 TestsJohn 'Sam' Gannon
11.5%
1977/78, 1 TestIan Callen
9.9%
1977/78, 1 TestPaul Hibbert
5.3%

You're not logged in!

Compare scores with friends on all Sporcle quizzes.
Sign Up with Email
OR
Log In

You Might Also Like...

Show Comments

Extras

Top Quizzes Today


Score Distribution

Your Account Isn't Verified!

In order to create a playlist on Sporcle, you need to verify the email address you used during registration. Go to your Sporcle Settings to finish the process.